| 000 | 00499nam a22001697a 4500 | ||
|---|---|---|---|
| 999 |
_c63980 _d63980 |
||
| 005 | 20200317131234.0 | ||
| 010 | _aB-165987 | ||
| 020 |
_a8181500261 _c250.00 |
||
| 035 | _aB-165981, B-165986, B-165987, B-165988 | ||
| 035 | _aB-165982 | ||
| 037 |
_aDPL _bENG |
||
| 100 | _aDhar, Neera | ||
| 245 |
_aStress ! learn to manage it / _cby Neera Dhar |
||
| 260 |
_aNew Delhi _bAravali Books International (P) Ltd. _c2005 |
||
| 300 |
_a217p. _c20 cms. |
||
| 942 |
_2ddc _cEN _h155.9042 _mDHA |
||